000 02230nam0a2200421 4500
001 RU\NLR\bibl\1042661
005 20260408201745.0
010 _a5-86517-313-8
_9800
021 _aRU
_b2006-84803
_94297
035 _a(nilc)RSL-KNO-003014028
035 _a(NLR Aleph) 001030049
090 _a752786
_c752786
100 _a20061226d2004 |||y0rusy50 ca
101 0 _arus
102 _aRU
105 _aa zzzz|||||
106 _ar
200 1 _aДуховно-ценностная ориентация социальных педагогов в системе современного профессионального образования
_eмонография
_fТ. Т. Щелина
_gАрзамасский гос. пед. ин-т им. А. П. Гайдара
210 _aАрзамас
_cАГПИ
_d2004
_eАрзамас
_gУчасток оперативной печати АГПИ
215 _a92 с.
_cтабл.
_d22
320 _aБиблиогр. в конце кн. (87 назв.)
606 1 _aСоциальные педагоги
_xПодготовка
_91697663
_3RU\NLR\auth\661053575
606 _aСоциальные педагоги
_xДуховная культура
_92495021
_3RU\NLR\auth\661480147
610 0 _aКультура. Наука. Просвещение -- Народное образование. Педагогические науки -- Высшее образование. Педагогика высшей школы -- Высшее педагогическое образование -- Отдельные отрасли высшего педагогического образования
610 0 _aСоциология -- Общественная инженерия. Прикладная социология
610 0 _aподготовка социальных педагогов
686 _aЧ489.518,0
_2rubbk
686 _aС556.9,0
_2rubbk
686 _aЧ421.421
686 _aЧ489.518.266.1
700 1 _aЩелина
_bТ. Т.
_gТамара Тимофеевна
_4070
801 0 _aRU
_bРКП
_c20061226
_grcr
801 1 _aRU
_bРГБ
_c20061226
801 2 _aRU
_bNLR
_c20070208
_grcr
942 _cBOOK
980 _aNB
980 _aNBR